000 00810nam a2200265Ia 4500
001 Para_6620
003 CHAP
008 220125s1948 xx 000 0 und d
010 _a205419
040 _cCHAP
090 _aPA FOLLETO 621
111 _aConvención Nacional de Productores de Cítricos (2:1948:San Jacinto, D.F.)
_927634
245 _aMosca prieta de los cítricos (Aleurocanthus woglumi Ash.) /
_c por SAG. Dirección General de Agricultura
260 _aSan Jacinto, D.F. :
_b La Secretaría
300 _av
650 _aAleurocanthus woglumi
_93802
650 _aCitricos
_x plagas
_924458
901 _aPA FOLLETO 621
902 _aA
905 _a0000001948 0000000000 00
910 _a1948
942 _cPARA
942 _cPARA
_d1
999 _c205419
_d205419